02309cam a22002775a 4500999001700000001000900017005001700026008004100043010001700084020003000101040003300131082002100164100002500185245004500210260010500255300003500360504005100395520122300446650006901669650006001738650005101798651001001849653002001859942000801879952014401887 c27453d274241685856220201128024416.0110706t2012 flua frb 001 0 eng d a 2011028410 a9781578087686 (hardcover) aDLCbengcDLCdDLCdEG-ScBUE04a621.384bOST2221 aOsterhage, Wolfgang.10aWireless security /cWolfgang Osterhage. aBoca Raton, FL :bCRC Press ;aJersey, UK ;aEnfield, New Hampshire :bScience Publishers,cc.2012.. axvii, 212 p. :bill. ;c22 cm. aIncludes bibliographical references and index. aIn the wake of the growing use of wireless communications, new types of security risks have evolved. Wireless Security covers the major topic of wireless communications with relevance both to organizations and private users. The technological background of these applications and protocols is laid out and presented in detail. Special emphasis is placed on the IEEE 802.11x-Standards that have been introduced for WLAN technology. Other technologies covered besides WLAN include: mobile phones, bluetooth and infrared. In each chapter a major part is devoted to security risks and provisions including encryption and authentication philosophies. Elaborate checklists have been provided to help IT administrators and security officers to achieve the maximum possible security in their installations, when using wireless technology. The book offers all necessary background information to this complex technological subject. It is at the same time a guideline and a working tool to implement a security strategy in organizations, assists in documenting the actual security status of existing installations, helps to avoid pitfalls, when operating in a wireless environment, and in configuring the necessary components. 7aWireless communication systemsxSecurity measures.2BUEsh940706 7aMobile communication systemsxSecurity measures.2BUEsh 7aWireless LANsxSecurity measures.2BUEsh91959 2BUEsh bCOMSCIcMay2019 2ddc 00102ddc40708BaccahaMAINbMAINc1STd2019-05-13ePurchaseg650.00h2000088l0o621.384 OSTp000044654r2022-08-24 00:00:00v812.50yBB